000 02485nam0a2200397 4500
001 RU\NLR\BIBL_A\011376223
005 20250626054611.0
020 _aRU
_b2067
_9Сводный каталог листовок первых лет Советской власти (25 октября (7 ноября) 1917 - 1925) Т.1. Листовки высших органов государственной власти и управления, центральных партийных, профсоюзных, комсомольских и других организаций. Ч.1.-2
035 _a(NLR Aleph) 011376223
090 _a11378911
_c11378911
100 _a20170428d1920 |||y0rusy50 ca
101 0 _arus
102 _aRU
105 _ay z 000zy
135 _acrgn 008apaba
200 1 _aПроект инструкции отрядам Военпродбюро по извлечению продовольствия
_e[листовка]
210 _aСапожок
_cТип. Отд. нар. обр.
_d[1920]
215 _a1 с. в 4стб.
_d40х32
300 _aПодписи: член колл. зав. Органоупр. Н. Селицкий; зав. Инструкторским отд. М. Ферштер; секретарь Мохова
325 1 _aКопия доступна в Электронной библиотеке РНБ
607 _aРСФСР
_jЛистовки
_xПолитика и управление
_y1917 - 1925
_92312782
_3RU\NLR\auth\6601609564
686 0 _aТ3(2)71-313,011
702 1 _4720
_aСелицкий
_bН.
_cобществ. деятель
_9173797
_3RU\NLR\AUTH\770173848
702 1 _4720
_aФерштер
_bМ.
_cобществ. деятель
_9173808
_3RU\NLR\AUTH\770173859
702 1 _4720
_aМохова
_cучастник революц. движения
_9173819
_3RU\NLR\AUTH\770173870
711 0 2 _aВЦСПС
_bВоенно-продовольственное бюро
_9556710
_3RU\NLR\AUTH\880446558
711 0 2 _aВЦСПС
_bВоенно-продовольственное бюро
_bИнструкторский отдел
_9556713
_3RU\NLR\AUTH\880446559
852 0 0 _aNLR
_bФЛ
_j13/203
942 _cBOOK
980 _aNB
981 2 1 _a(21) Листовки
_b(21) Листовки 1920 года